MDQL
is popping MORE tags! Check the
thread
!
Quizzes
Events
Quiz Creation
Community
Videos
Private Events
Remove Ads
Sign In
Join for FREE
Feedback
Dark Mode
Quiz Categories
Sports
Geography
Music
Movies
Television
Just For Fun
Miscellaneous
History
Literature
Language
Science
Gaming
Entertainment
Religion
Holiday
For Kids
Quiz Lab
Recent
Popular Today
Quiz Kudos Today
Editor Picks
Curator Picks
Quizzes by...
Day
Popularity
Type
Ratings
Length
Year
Community
Subscriptions
Recent Discussions
Orange Saloon
Badges
Playlists
Quests
Create
Leaderboards
Showdown
Live 5
Trivia Bingo
Activity
Puzzle Library
Sporcle Events
Private Events
Virtual Trivia
Globe League
Become a Host
Pub Owners
SporcleCon
Opinionation
Our Games
Videos
Blog
Mobile Apps
Partnerships
Remove Ads and Go Orange
Feedback
History
US Presidents
World Leaders
Politics
Nation
Discovery
War
Decade
Year
Century
Biography
Art
History
US Presidents
World Leaders
Politics
Nation
Discovery
War
Decade
Year
Century
Biography
Art
Random Quiz
Search Sporcle
×
Quiz Lab
Quiz Lab
History
US Presidents
Type in answers that appear in a list
Type in answers that appear in a list
Classic
Best Score? Go Orange.
Presidential Trivia Stats
Can you name the President who fits the description?
By
biondelliot
9m
43 Questions
476 Plays
476 Plays
476 Plays
Comments
Comments
Give Quiz Kudos
Give Quiz Kudos
-
- Ratings
hide this ad
Forced Order
Answers have to be entered in order
Answers have to be entered in order
Random Order
Randomize order of answers
Randomize order of answers
Replay
Link that replays current quiz
Next Quiz
Link to next quiz in quiz playlist
You Got
0%
They Got
Avg Score
43%
Avg Friend Score
Upgrade to see
Score Distribution
Jump to the score distribution portion of the page
Score
0/43
Timer
09:00
0
Plays Today
Trivial Fact
President
% Correct
First African American president
Barack Obama
78.2%
First president to resign his office
Richard Nixon
76.5%
First president to live in the White House
John Adams
73.3%
First president to die in office
William Henry Harrison
70.6%
First and only bachelor president
James Buchanan
66.8%
First president to serve on the Supreme Court
William Taft
65.8%
First president to appear on television
Franklin Delano Roosevelt
63.4%
First president not born a British subject
Martin Van Buren
59.2%
First president to wear a beard while in office
Abraham Lincoln
59%
First president to have been divorced
Ronald Reagan
58.8%
First president to fly in an airplane
Theodore Roosevelt
58.2%
First Democrat elected president after the Civil War
Grover Cleveland
55.7%
First president to refuse publicly to eat broccoli
George H.W. Bush
53.6%
First president to appear on a postage stamp
George Washington
53.4%
Last president to have served as an officer in the Revolutionary War
James Monroe
53.4%
First president sworn in by a woman
Lyndon B. Johnson
53.4%
First president to have been a Rhodes scholar
Bill Clinton
52.1%
First president to use electricity in the White House
Benjamin Harrison
46%
His daughter, Susan, held her senior prom at the White House
Gerald Ford
45.2%
Had a putting green installed on the White House lawn
Dwight D. Eisenhower
43.9%
First president to speak over the radio
Warren G. Harding
43.7%
First president born in a hospital
Jimmy Carter
43.7%
Trivial Fact
President
% Correct
First president to have fathered twins
George W. Bush
42.6%
Only president to get a speeding ticket while driving a horse
Ulysses S. Grant
40.5%
Rode his horse sidesaddle into battle
Zachary Taylor
35.9%
First president to wear trousers regularly (instead of knee breeches)
James Madison
35.7%
First Boy Scout president
John F. Kennedy
35.7%
First president to use a telephone in the White House
Rutherford B. Hayes
35.5%
First president to travel underwater in a modern submarine
Harry S. Truman
35.5%
First president to ride a train
Andrew Jackson
31.5%
Owned eighty pairs of pants, which he changed several times daily
Chester A. Arthur
31.5%
His wife taught him to read and write
Andrew Johnson
31.3%
Had an electric horse installed in his White House bedroom
Calvin Coolidge
28.4%
Only president to name a son George Washington
John Quincy Adams
28.2%
Grandfather of first baby born in the White House
Thomas Jefferson
25.6%
First president to hold a press conference
Woodrow Wilson
25.2%
First president to have his inauguration reported by telegraph
James Polk
24.6%
Always wore a red carnation in his lapel for good luck
William McKinley
22.7%
First president to have a veto overridden
John Tyler
22.5%
First president to have an asteroid named after him
Herbert Hoover
20%
Established the first permanent library in the White
Millard Fillmore
18.1%
Always insisted that Grace be said before a meal
Franklin Pierce
16.6%
Juggled clubs to build up his muscles
James Garfield
15.8%
Quiz Playlist
Details
Report
Send in Message
Add To Playlist
Classic:
Type in answers that appear in a list
Forced Order:
Answers have to be entered in order
Random Order:
Randomize order of answers
Last Updated: Feb 16, 2017
Quiz Scoreboard
CHALLENGE
Sign Up to Join the Scoreboard
Show All
Scores
Hide
Comments
May contain spoilers
Recently Published
1-10 Letter E Words III
by El_Dandy
Language
2m
Street Fighter Characters
by Artimus82
Gaming
60s
College Basketball Coaching Resumes
by pancakes188
Sports
9m
More to Explore
Quiz From the Vault
Featured Blog Post
Where Did the Easter Bunny Come From?
hide this ad
You Might Also Like...
Tags
US Presidents Quiz
description
fit
Today's Top Quizzes in History
Browse History
hide this ad
Today's Top Quizzes in US Presidents
Browse US Presidents
Top Contributed Quizzes in History
1
Popular People in 1991
2
Popular People in 1981
3
Popular People in 1951
4
Popular People in 1941
5
Popular People in 1986
6
Popular People in 1976
7
Popular People in 1921
8
5-to-1: 20th Century Images of War
9
I Am Born On March 28th
10
Popular People in 1946
Explore More
Trending Topics
Disney
NBA
Harry Potter
Anime
Marvel
Kpop
Crossword
Soccer
Puzzle
Country
Song
NFL
Pokémon
WWE
The Office
hide this ad
More By:
biondelliot
Quiz
Plays
Rating
Category
Featured
Created
Memorable Disney Taglines
103,402
4.31
Movies
Feb 4, 2010
Percy Jackson Half Bloods (First Name)
12,037
3.68
Literature
Dec 2, 2009
Presidents' Nicknames
936
3.08
History
Dec 25, 2009
Disney Male Leads
784
3.83
Movies
Dec 24, 2009
Presidential Trivia
476
4.83
History
Dec 25, 2009
Go to Creator's Profile
Score Distribution
Quiz Creator Spotlight
biondelliot
Follow
Send a Message
Quizzes Created
-
Created Quiz Play Count
-
More By This Creator
Popular Quizzes Today
1
Find the US States - No Outlines Minefield
2
Find the Countries of Europe - No Outlines Minefield
3
The Countries of the World
4
Find the US States
5
Risky Map Clicking: Biggest States A-Z
6
US States
7
Popular People in 1961
8
Movies - When Are They Set?
More History Quizzes
House Democrats
Quiz Lab
Trending Quizzes
Risky Map Clicking: Least Populous States A-Z
Billboard Blitz: Aretha Franklin
Famous Russians: Author or Composer?
1-10 Letter G Words
Countries of the World: 200 Million BC
Recently Updated
Leaping Animals
pecheneg
Reality TV Shows (A-Z)
bhenderson79
Rickey Henderson's Hall of Fame Teammates
pecheneg
Champions League XIs: Arsenal
pecheneg
Quick Pick: Celebrities in WWE's Hall of Fame
aduchscher
A-Z Keypad Blitz II
pecheneg
Multiple Oscar Actors
pecheneg
Mystery Phrase Blitz: Oscar 'Best Actors'
pecheneg
F. Scott Fitzgerald Novels
LTH
Pick 3 Villains
ddd62291
Trending Topics
Kpop
Harry Potter
Marvel
Crossword
Disney
Anime
NBA
Pokémon
NFL
Puzzle
The Office
Soccer
WWE
Song
Country
Your Account Isn't Verified!
In order to create a playlist on Sporcle, you need to verify the email address you used during registration. Go to your
Sporcle Settings
to finish the process.
Report this User
Report this user for behavior that violates our
Community Guidelines
.
Details:
Send Report
Go to the Sporcle.com Mobile Site →
Comments